=LDR 00000nam 2200000 4500 =001 INLIS000000000016270 =005 20130612111534 =008 ***********************************Ind** =035 ##$$0010-061300000016270 =041 ##$$a Ind =082 ##$$a 959.8 =090 ##$$a 959.8, Mar i =100 ##$$a Martono, HS =245 ##$$a IPS sejarah nasional dan umum untuk SLTP, Berdasarkan kurikulum pendidikan dasar 1994 GBPP SLTP, Martono HS, ; Suroso =260 ##$$a 1995 $b Solo =300 ##$$a ...jil., ilus, 21 cm =650 ##$$a Sejarah =650 ##$$a Studi dan Pengajaran =700 ##$$a Suroso =850 ##$$a NBPNMAT =990 ##$$a 69906990 =990 ##$$a 01201806990 =990 ##$$a 108.344/pb97 =990 ##$$a 131.381/pro98